Нормален изглед
MARC изглед
- Trad. du sanskrit par A. Loiseleur Deslongchamps
Вход 01. Лично име
001 - Контролен номер на записа
- Контролно поле: 397030
003 - Код на организацията, даваща контролен номер
- Контролно поле: BLK
005 - Дата и час на последна промяна на записа
- Контролно поле: 20190927113407.0
008 - Данни с фиксирана дължина – обща информация
- Данни с фиксирана дължина : 190927|| aca||aabn | a|a d
100 ## - ИМЕ НА ЛИЦЕ -ПЪРВИЧНА ИНТЕЛЕКТУАЛНА ОТГОВОРНОСТ
- Лично име: Trad. du sanskrit par A. Loiseleur Deslongchamps
942 ## - Системна служебна употреба
- Koha auth type: PERSO_NAME